El cristianismo feliz en las misiones de los padres de la Compañía de Jesús en Paraguay
Αποθηκεύτηκε σε:
| Κύριος συγγραφέας: | |
|---|---|
| Μορφή: | Βιβλίο |
| Γλώσσα: | Ισπανικά |
| Έκδοση: |
Santiago
Dirección de Bibliotecas, Archivos y Museos
1997
|
| Θέματα: | |
| Ετικέτες: |
Προσθήκη ετικέτας
Δεν υπάρχουν, Καταχωρήστε ετικέτα πρώτοι!
|
MARC
| LEADER | 00000nam a2200000 a 4500 | ||
|---|---|---|---|
| 001 | UCO4809 | ||
| 003 | CL-VaPUC | ||
| 008 | 000817e19970000CL |||||||||||||||||spa|d | ||
| 082 | 0 | 4 | |a 271.53 |b MUR |2 21 |
| 100 | |a Muratori, Ludovico Antonio |e autor |9 401448 | ||
| 245 | 1 | 3 | |a El cristianismo feliz en las misiones de los padres de la Compañía de Jesús en Paraguay |
| 300 | |a 465 p | ||
| 942 | |c BK | ||
| 945 | |d 20000817 00:00:00 |a vberengu | ||
| 260 | |a Santiago |b Dirección de Bibliotecas, Archivos y Museos |c 1997 | ||
| 600 | 0 | 7 | |a COMPAÑIA DE JESUS |2 CL-VaPUC |9 318179 |
| 650 | 0 | |a Jesuitas |9 268366 | |
| 650 | 0 | |a Misioneros |9 324171 | |
| 650 | 7 | |a MOVIMIENTOS RELIGIOSOS |2 CL-VaPUC |9 346572 | |
| 651 | 0 | |a Paraguay |9 255336 | |
| 583 | |a last modification |c 20000817 00:00:00 |k Rodrigo Vera | ||
| 999 | |c 290800 |d 290798 | ||
| 952 | |0 0 |1 0 |4 0 |6 271_530000000000000_MUR_1997 |7 0 |8 A |9 340377 |a BIBHIS |b BIBHIS |d 2019-11-20 |i 364152K |l 1 |m 3 |o 271.53 MUR 1997 |p 364152K |r 2025-01-20 |s 2024-03-05 |w 2019-11-20 |y BK |k HIS | ||